000 00341cam a2200145ua 4500
020 _a8170088348
020 _a9788170088349
082 _a621.402
_bRAJ/TH
100 _aRajput, R.K .
245 _aThermal engineering /
250 _a6 / 8
260 _aNew Delhi :
_bLaxmi publications ,
_c2006.
300 _a1670 ;
_e`.
942 _cBK
999 _c13056
_d13056